Library Banner

(اسلامی انسائیکلوپیڈیا)Islami encyclopedia (Urdu) (Record no. 39025)

MARC details
000 -LEADER
fixed length control field 00617nam a2200193Ia 4500
001 - CONTROL NUMBER
control field 39721
003 - CONTROL NUMBER IDENTIFIER
control field OSt
005 - DATE AND TIME OF LATEST TRANSACTION
control field 20160421095356.0
008 - FIXED-LENGTH DATA ELEMENTS--GENERAL INFORMATION
fixed length control field 140423s9999 xx 000 0 und d
020 ## - INTERNATIONAL STANDARD BOOK NUMBER
International Standard Book Number 9695033091
040 ## - CATALOGING SOURCE
Transcribing agency PK-LaUMT
082 ## - DEWEY DECIMAL CLASSIFICATION NUMBER
Classification number R 297.03
Item number ISL-
100 ## - MAIN ENTRY--PERSONAL NAME
Personal name Qasim Mahmood
245 ## - TITLE STATEMENT
Title (اسلامی انسائیکلوپیڈیا)Islami encyclopedia (Urdu)
Statement of responsibility, etc (قاسم محمود)Qasim Mahmood
260 ## - PUBLICATION, DISTRIBUTION, ETC. (IMPRINT)
Place of publication, distribution, etc (لاہور،پاکستان)Lahore,Pakistan:
Name of publisher, distributor, etc (الفیصل پبلشرز اینڈ ٹریڈرز)Al-Faisal Publisher and Traders,
Date of publication, distribution, etc 2008
501 ## - WITH NOTE
With note 2
546 ## - LANGUAGE NOTE
Language note EN
942 ## - ADDED ENTRY ELEMENTS (KOHA)
Koha item type Books
Source of classification or shelving scheme Dewey Decimal Classification
Holdings
Withdrawn status Lost status Source of classification or shelving scheme Damaged status Not for loan Home library Current library Date acquired Total Checkouts Full call number Barcode Date last seen Date checked out Price effective from Koha item type
    Dewey Decimal Classification     UMT Main Campus UMT Main Campus 2014-04-23 1 R 297.03 ISL- 42664 2018-05-31 2018-05-28 2014-05-05 Reference
    Dewey Decimal Classification     UMT Main Campus UMT Main Campus 2014-06-25 1 R 297.03 ISL- 42665 2020-11-21 2020-11-21 2014-06-25 Reference